000 00360nam a2200145Ia 4500
008 100204s9999 xx 000 0 und d
082 _b20924
100 _aGEHANI H. D. & PAREKH
245 _aINORGANIC CHEMISTRY
260 _b"AAR SHRTH & CO, BOMBAY"
300 _a486
630 _aINORGANIC CHEMISTRY
730 _aINORGANIC CHEMISTRY
942 _cBOOK
999 _c465660
_d465657